Eastern Utah Libraries Catalog: Duchesne, Heber, Roosevelt, & Vernal

Six feet deep dish / (Record no. 403436)

MARC details
000 -LEADER
fixed length control field 01659cam a2200433 i 4500
001 - CONTROL NUMBER
control field on1341355751
003 - CONTROL NUMBER IDENTIFIER
control field OCoLC
005 - DATE AND TIME OF LATEST TRANSACTION
control field 20250108161858.0
008 - FIXED-LENGTH DATA ELEMENTS--GENERAL INFORMATION
fixed length control field 220818t20222022nyu e 000 1 eng d
020 ## - INTERNATIONAL STANDARD BOOK NUMBER
International Standard Book Number 9781250792433
Qualifying information (paperback)
020 ## - INTERNATIONAL STANDARD BOOK NUMBER
International Standard Book Number 1250792436
Qualifying information (paperback)
035 ## - SYSTEM CONTROL NUMBER
System control number (OCoLC)1341355751
035 ## - SYSTEM CONTROL NUMBER
System control number 1748330
040 ## - CATALOGING SOURCE
Original cataloging agency NjBwBT
Language of cataloging eng
Description conventions rda
Transcribing agency T7B
Modifying agency T7B
-- GL4
-- OCLCQ
-- DAD
043 ## - GEOGRAPHIC AREA CODE
Geographic area code n-us-wi
092 ## - LOCALLY ASSIGNED DEWEY CALL NUMBER (OCLC)
Classification number adult fiction
Item number Quigley
100 1# - MAIN ENTRY--PERSONAL NAME
Personal name Quigley, Mindy,
Relator term author.
9 (RLIN) 6482037
245 10 - TITLE STATEMENT
Title Six feet deep dish /
Statement of responsibility, etc Mindy Quigley.
246 3# - VARYING FORM OF TITLE
Title proper/short title 6 feet deep dish.
250 ## - EDITION STATEMENT
Edition statement St. Martin's paperbacks edition.
264 #1 - Production, Publication, Distribution, Manufacture, and Copyright Notice.
Place of production, publication, distribution, manufacture New York, NY :
Name of producer, publisher, distributor, manufacturer St. Martin's Paperbacks,
Date of production, publication, distribution, manufacture, or copyr 2022.
264 #4 - Production, Publication, Distribution, Manufacture, and Copyright Notice.
Date of production, publication, distribution, manufacture, or copyr ©2022.
300 ## - PHYSICAL DESCRIPTION
Extent vi, 308 pages ;
Dimensions 18 cm.
336 ## - Content Type
Content type term text
337 ## - Media type
Media type term unmediated
338 ## - Carrier type
Carrier type term volume
490 1# - SERIES STATEMENT
Series statement Deep dish mysteries ;
Volume number/sequential designation 1.
500 ## - GENERAL NOTE
General note Includes recipes.
520 ## - SUMMARY, ETC.
Summary, etc When, right before opening her new gourmet deep-dish pizzeria in Geneva Bay, Wisconsin, Delilah O'Leary is dumped by her fiancé and her aunt is accused of murder, she must save her pie-in-the-sky ambitions before they can even get off the ground.
650 #0 - SUBJECT ADDED ENTRY--TOPICAL TERM
Topical term or geographic name as entry element Pizzerias
Form subdivision Fiction.
9 (RLIN) 6407146
650 #0 - SUBJECT ADDED ENTRY--TOPICAL TERM
Topical term or geographic name as entry element Murder
General subdivision Investigation
Form subdivision Fiction.
9 (RLIN) 5673630
650 #0 - SUBJECT ADDED ENTRY--TOPICAL TERM
Topical term or geographic name as entry element Aunts
Form subdivision Fiction.
9 (RLIN) 5689053
650 #0 - SUBJECT ADDED ENTRY--TOPICAL TERM
Topical term or geographic name as entry element Tabby cats
Form subdivision Fiction.
9 (RLIN) 6536982
651 #0 - SUBJECT ADDED ENTRY--GEOGRAPHIC NAME
Geographic name Wisconsin
Form subdivision Fiction.
9 (RLIN) 5697805
655 #7 - INDEX TERM--GENRE/FORM
Genre/form data or focus term Detective and mystery fiction.
Source of term lcgft.
9 (RLIN) 5683641
655 #7 - INDEX TERM--GENRE/FORM
Genre/form data or focus term Cozy mysteries.
Source of term lcgft.
9 (RLIN) 5812499
800 1# - SERIES ADDED ENTRY--PERSONAL NAME
Personal name Quigley, Mindy.
Title of a work Deep dish mystery ;
Volume/sequential designation 1.
9 (RLIN) 6482038
942 ## - ADDED ENTRY ELEMENTS (KOHA)
Source of classification or shelving scheme Dewey Decimal Classification
Koha item type BOOK
Holdings
Withdrawn status Lost status Source of classification or shelving scheme Damaged status Not for loan Collection code Home library Current library Shelving location Date acquired Source of acquisition Serial Enumeration / chronology Total Checkouts Total Renewals Full call number Barcode Date last seen Date checked out Cost, replacement price Price effective from Koha item type
    Dewey Decimal Classification     Fiction Wasatch County Library Wasatch County Library First Floor 01/08/2025 Amazon #1 Deep Dish Mysteries 5 2 F Quigley 34301002142430 04/21/2025 03/13/2025 9.99 01/08/2025 BOOK
This project was made possible through a grant from the Institute of Museum and Library Service administered by the Utah State Library Division.

Wasatch County Library

  • 465 East 1200 South, Heber City, Utah 84032
  • Phone 435-654-1511 | Fax 435-654-6456

Hours

  • Monday - Friday 9:30 AM - 8:00 PM
  • Saturday 9:30 AM - 1:30 PM
  • Closed Sundays and Holidays